Score 0/14 Timer 03:00
0 Plays Today
Movie Missing Word % Correct
_____ in WonderlandAlice
97.4%
_____ in BlackMen
97.2%
Sleepless in _____Seattle
92.8%
Pretty in _____Pink
91.8%
_____ Me in St. LouisMeet
86.2%
_____ in ShowBest
74.2%
_____ in ManhattanMaid
74.2%
Movie Missing Word % Correct
Fear and _____ in Las VegasLoathing
73.5%
Midnight in _____Paris
64.2%
Lost in _____Translation
61.8%
Big _____ in Little ChinaTrouble
52.3%
The _____ in the WoodsCabin
49.8%
_____ in LoveShakespeare
47.8%
Once Upon a Time in ____America
31.7%

Today's Daily Dose

Remove Ads.
Support Sporcle.
Get the best of Sporcle when you Go Orange. This ad-free experience offers more features, more stats, and more fun while also helping to support Sporcle. Thank you for becoming a member.

You're not logged in!

Compare scores with friends on all Sporcle quizzes.
OR
Log In

Show Comments

Extras

Top Quizzes Today


Score Distribution

Your Account Isn't Verified!

In order to create a playlist on Sporcle, you need to verify the email address you used during registration. Go to your Sporcle Settings to finish the process.

Report this User

Report this user for behavior that violates our Community Guidelines.

Details: